| 000 | 00591nam a22001937a 4500 | ||
|---|---|---|---|
| 003 | PILC | ||
| 005 | 20151008143244.0 | ||
| 008 | 130219t xxu||||| |||| 00| 0 eng d | ||
| 020 | _a9814096857 | ||
| 020 | _a9789814096850 | ||
| 050 |
_aQA 76.73.C15 _b.K45 2001 |
||
| 100 | _aKelley, Al. | ||
| 245 |
_aC by dissection : _cAl Kelley, Ira Pohl. _bthe essentials of C programming / |
||
| 260 |
_aSingapore : _bPearson Education Asia Pte, _c2001. |
||
| 300 |
_axxiii, 641 pages : _billustrations ; _c23 cm. |
||
| 500 | _aIncludes appendix and index. | ||
| 942 |
_2lcc _cBK _kFOR |
||
| 999 |
_c16165 _d16165 |
||